00725nam a2200217 k 4500001001300000005001500013008004100028020003300069040001900102049001700121056001100138090001800149100001400167245013200181260002500313300001600338653007300354700001400427740005500441950001100496KMO20260092320260331091032260328s2025 ulk 000 e kor a9788997870912g03810c\17500 a146043c1460430 lMEM000012500 a81826 a818b남39ㅇ1 a남미숙10a양평책방 책방할머니는 오늘도 행복합니다b책방 할머니가 되기까지, 100일의 기록d남미숙 지음 a서울b공명c2025 a328p.c20cm a양평책방a책방할머니a책방a한국에세이a한국문학1 a남미숙02a책방 할머니가 되기까지, 100일의 기록0 b\17500 |
|---|